00296nam a2200121Ia 4500003000400000005001700004008004100021020001900062040002700081100002300108245002600131260001700157OSt20240130101324.0170523s9999 xx 000 0 und d a978-0070281011 ciimt university meerut aHENDERSON- JAMES M 0aMICRO ECONOMIC THEORY bMC GRAW HILL